• 首页
  • 本馆介绍
  • 公告通知
  • 最新文献
  • 馆藏检索
  • 电子资源
  • 读者导购
  • 参考咨询
  • 我的图书馆
  • 登录
  • 详细信息显示
  • 放入我的书架
  • 预约/预借图书
  • 作者相关作品
  • 分类相关作品
  • 丛书相关作品
  • 出版社相关作品

书目信息

  • 表格格式
  • 工作单格式
  • 卡片格式
题名:
康乐服务学习手册
    
 
作者: 吴业山 编
分册:  
出版信息: 北京   旅游教育出版社  2007.10
页数:
开本: 32开
丛书名:
单 册:
中图分类: F719.5-62
科图分类:
主题词: 商业经济--国内
电子资源:
ISBN: 978-7-5637-1429-2
000 00537nam0 2200181 450
001 0736196517
005 20070924100316.51
010    @a978-7-5637-1429-2@d¥13.00
100    @a20070924d km y0chiy0120 ea
101 0  @achi
200 1  @a康乐服务学习手册@Akang yue fu wu xue xi shou ce@f吴业山 等编@Fwu ye shan deng bian
210    @a北京@c旅游教育出版社@d2007.10
215    @d32开
606 0  @a商业经济@x国内
690    @aF719.5-62@v3
701  0 @a吴业山@Awu ye shan@4编
801  0 @aCN@bPFT@c20070924
905    @a213230@dF719.5-62@eZY49@f1
    
    康乐服务学习手册/吴业山 等编.-北京:旅游教育出版社,2007.10
    32开
    
    
    ISBN 978-7-5637-1429-2:¥13.00
    
●
相关链接 在E读中查询图书 在五车中查询图书 在当当中查询图书 在豆瓣中查询图书


正题名:康乐服务学习手册     索取号:F719.5-62/ZY49         预约/预借

序号 登录号 条形码 馆藏地/架位号 状态 备注
1 7902159   279021595   密集书库-资源管理系/ [索取号:F719.5-62/ZY49] 在馆    
唐山师范学院图书馆 欢迎您!
大连网信软件有限公司© 版权所有